Kinh tế học vĩ mô Giáo trình dùng trong các trường đại học, cao đẳng khối kinh tế

Trình bày đại cương về kinh tế học. Khái quát về kinh tế học vĩ mô, tổng sản phẩm và thu nhập quốc dân, tổng cầu và chính sách tài khoá, tiền tệ và chính sách tiền tệ, tổng cung và các chu kỳ kinh doanh, thất nghiệp và lạm phát, kinh tế...

Full beskrivning

Sparad:
Bibliografiska uppgifter
Huvudupphovsman: Vũ, Đình Bách
Övriga upphovsmän: Trần, Thọ Đạt
Materialtyp: Bok
Språk:Undetermined
Publicerad: H. Giáo dục Việt Nam 2010
Ämnen:
Länkar:http://lrc.tdmu.edu.vn/opac/search/detail.asp?aID=2&ID=7207
Taggar: Lägg till en tagg
Inga taggar, Lägg till första taggen!
Thư viện lưu trữ: Trung tâm Học liệu Trường Đại học Thủ Dầu Một
LEADER 01220nam a2200229Ia 4500
001 TDMU_7207
008 210410s9999 xx 000 0 und d
082 |a 339 
090 |b V500 
100 |a Vũ, Đình Bách 
245 0 |a Kinh tế học vĩ mô 
245 0 |b Giáo trình dùng trong các trường đại học, cao đẳng khối kinh tế 
245 0 |c Vũ Đình Bách, Trần Thọ Đạt, Vũ Thu Giang, Nguyễn Tôn Trường 
260 |a H. 
260 |b Giáo dục Việt Nam 
260 |c 2010 
300 |a 230tr 
520 |a Trình bày đại cương về kinh tế học. Khái quát về kinh tế học vĩ mô, tổng sản phẩm và thu nhập quốc dân, tổng cầu và chính sách tài khoá, tiền tệ và chính sách tiền tệ, tổng cung và các chu kỳ kinh doanh, thất nghiệp và lạm phát, kinh tế vĩ mô của nền kinh tế mở 
650 |a Kinh tế học vĩ mô 
700 |a Trần, Thọ Đạt 
856 |u http://lrc.tdmu.edu.vn/opac/search/detail.asp?aID=2&ID=7207 
980 |a Trung tâm Học liệu Trường Đại học Thủ Dầu Một